| Tag |
First Indicator |
Second Indicator |
Subfields |
| LEADER |
00000cam a22000001a 4500 |
| 001 |
in00003258024 |
| 006 |
m d f |
| 007 |
cr bn mmmapmmp |
| 008 |
091022s1993 dcua ob f000 0 eng d |
| 005 |
20260511204334.6 |
| 035 |
|
|
|a cis2007461489
|
| 040 |
|
|
|a UMI
|c UMI
|d UtOrBLW
|
| 043 |
|
|
|a n-us---
|
| 074 |
|
|
|a 1012-A
|
| 074 |
|
|
|a 1012-B (MF)
|
| 086 |
0 |
|
|a Y 4.AR 5/2 A:991-92/78
|
| 088 |
|
|
|a H.A.S.C. no. 102-78
|
| 099 |
|
|
|a HRG-1992-ASH-0030
|
| 110 |
1 |
|
|a United States.
|b Congress.
|b House.
|b Committee on Armed Services.
|b Defense Policy Panel.
|
| 245 |
1 |
0 |
|a Reinvestment of defense resources for economic growth :
|b hearing before the Defense Policy Panel of the Committee on Armed Services, House of Representatives, One Hundred Second Congress, second session, hearing held May 20, 1992.
|
| 264 |
|
1 |
|a Washington :
|b U.S. G.P.O.,
|c 1993.
|
| 300 |
|
|
|a 1 online resource.
|
| 336 |
|
|
|a text
|b txt
|2 rdacontent
|
| 337 |
|
|
|a computer
|b c
|2 rdamedia
|
| 338 |
|
|
|a online resource
|b cr
|2 rdacarrier
|
| 500 |
|
|
|a Record is based on bibliographic data in ProQuest Congressional Hearings Digital Collection. Reuse except for individual research requires license from ProQuest, LLC.
|
| 504 |
|
|
|a Includes bibliographical references (page 77).
|
| 538 |
|
|
|a System requirements: PDF reader software.
|
| 500 |
|
|
|a Electronic resource.
|
| 650 |
|
0 |
|a Economic conversion
|z United States.
|
| 650 |
|
0 |
|a Defense industries
|x Government policy
|z United States.
|
| 651 |
|
0 |
|a United States
|x Defenses
|x Economic aspects.
|
| 651 |
|
0 |
|a United States
|x Armed Forces
|x Appropriations and expenditures.
|
| 655 |
|
7 |
|a Electronic books.
|2 local
|
| 710 |
2 |
|
|a ProQuest (Firm)
|
| 776 |
0 |
8 |
|i Print version:
|a United States. Congress. House. Committee on Armed Services. Defense Policy Panel.
|t Reinvestment of defense resources for economic growth
|w (DGPO)93081772
|w (OCoLC)28308996
|
| 776 |
0 |
8 |
|i Microfiche version:
|a United States. Congress. House. Committee on Armed Services. Defense Policy Panel.
|t Reinvestment of defense resources for economic growth.
|d [Bethesda, Md.] : ProQuest,[2004]
|o CIS 93 H201-22
|w (ProQuest)cis09300189
|
| 830 |
|
0 |
|a U.S. Congressional Hearings.
|
| 856 |
4 |
0 |
|u http://proxy.library.tamu.edu/login?url=https://congressional.proquest.com/congcomp/getdoc?HEARING-ID=HRG-1992-ASH-0030
|z Connect to the full text of this electronic book
|t 0
|
| 998 |
|
|
|a cis09300189
|
| 999 |
|
|
|a MARS
|
| 999 |
f |
f |
|s d1b62870-3326-37f7-9114-4c3e223ceb58
|i 901f636e-2330-3d01-ae2e-12218ca485ff
|t 0
|
| 952 |
f |
f |
|a Texas A&M University
|b College Station
|c Electronic Resources
|s www_evans
|d Available Online
|t 0
|e HRG-1992-ASH-0030
|h Other scheme
|
| 998 |
f |
f |
|a HRG-1992-ASH-0030
|t 0
|l Available Online
|